[Event "Rajkot RCPA op 2nd"]
[Site "Rajkot"]
[Date "2019.08.17"]
[Round "9"]
[White "Rawal, Shailesh"]
[Black "Dahale, Atul"]
[Result "0-1"]
[WhiteElo "1796"]
[BlackElo "2064"]
[PlyCount "72"]
[EventDate "2019.08.13"]
[EventType "swiss"]
[EventRounds "10"]
[EventCountry "IND"]
[SourceTitle "EXT 2021"]
[Source "ChessBase"]
[SourceDate "2020.10.23"]
[SourceVersion "1"]
[SourceVersionDate "2020.10.23"]
[SourceQuality "1"]

1. e4 c5 2. Nc3 d6 3. g3 g6 4. Bg2 Bg7 5. Nge2 Nc6 6. d3 e6 7. 0-0 Nge7 8. Be3 Nd4 9. h3 Rb8 10. Qd2 0-0 11. Kh2 b5 12. Nd1 d5 13. Nxd4 cxd4 14. Bh6 f5 15. Bxg7 Kxg7 16. Qf4 Nc6 17. exd5 exd5 18. c4 g5 19. Qd2 f4 20. cxd5 Ne5 21. Re1 Qf6 22. Kh1 f3 23. Bf1 Bxh3 24. Rxe5 Bg2+ 25. Bxg2 fxg2+ 26. Kxg2 Qxe5 27. Rc1 Qxd5+ 28. Kg1 Rbc8 29. Rxc8 Rxc8 30. Qe2 Rf8 31. Qg4 h5 32. Qe2 Qf3 33. Qe5+ Kh6 34. Qe6+ Rf6 35. Qb3 h4 36. gxh4 gxh4 0-1

[Event "IND-chB 49th"]
[Site "Aurangabad"]
[Date "2011.06.16"]
[Round "2"]
[White "Rawal, Shailesh"]
[Black "Ankit, R Rajpara"]
[Result "1/2-1/2"]
[WhiteElo "2121"]
[BlackElo "2353"]
[PlyCount "128"]
[EventDate "2011.06.16"]
[EventType "swiss"]
[EventRounds "13"]
[EventCountry "IND"]
[SourceTitle "CBM 143 Extra"]
[Source "ChessBase"]
[SourceDate "2011.08.29"]
[SourceVersion "1"]
[SourceVersionDate "2011.08.29"]
[SourceQuality "1"]

1. e4 c5 2. Nf3 Nc6 3. Nc3 g6 4. Bc4 Bg7 5. d3 d6 6. h3 e6 7. a3 Nge7 8. 0-0 0-0 9. Bg5 h6 10. Bd2 a6 11. Rb1 b5 12. Ba2 Bb7 13. Ne2 Kh7 14. Be3 e5 15. Nh2 f5 16. f3 Rc8 17. Be6 Rc7 18. c3 d5 19. Bxc5 Rf6 20. exd5 Nxd5 21. Bxd5 Qxd5 22. Bf2 Rd7 23. d4 Rfd6 24. Re1 exd4 25. Nxd4 Nxd4 26. Bxd4 Bxd4+ 27. cxd4 Qxd4+ 28. Qxd4 Rxd4 29. Nf1 Kg7 30. Rbc1 Kf7 31. Kf2 f4 32. Rc2 Bd5 33. Rd2 Bc4 34. Red1 Rxd2+ 35. Rxd2 Rxd2+ 36. Nxd2 Ke6 37. g3 fxg3+ 38. Kxg3 Ke5 39. h4 Bd5 40. Nb1 Bc6 41. Nc3 Kd4 42. Ne2+ Kd3 43. Nf4+ Kc2 44. b4 Kb3 45. Nxg6 Kxa3 46. Ne7 Be8 47. Nd5 Bc6 48. Nc7 Kxb4 49. Nxa6+ Kc4 50. f4 Bd7 51. Kf3 Bc8 52. Nc7 b4 53. Ke3 Bf5 54. Kd2 Kd4 55. Kc1 Bd3 56. Kb2 Bc4 57. Ne8 Bb5 58. Nd6 Bd7 59. Kb3 Kc5 60. Ne4+ Kd4 61. Nd6 Kd5 62. Nf7 h5 63. Kxb4 Ke4 64. Kc3 Kxf4 1/2-1/2